|
|
|
|
| LEADER |
01761nam a2200265 a 4500 |
| 001 |
549013 |
| 008 |
091230s1988 enk 101 0 eng d |
| 010 |
|
|
|a 88026008
|
| 020 |
|
|
|a 0566057255 :
|c $45.00 (U.S.)
|
| 040 |
|
|
|a DLC
|c DLC
|d DLC
|d BD-DhAAL
|
| 082 |
0 |
0 |
|a 305.4/2
|2 19
|
| 245 |
0 |
0 |
|a Women's struggles and strategies /
|c edited by Saskia Wieringa.
|
| 260 |
|
|
|a Aldershot [England] ;
|a Brookfield, Vt., USA :
|b Gower,
|c c1988.
|
| 300 |
|
|
|a viii, 159 p. ;
|c 23 cm.
|
| 500 |
|
|
|a Papers originating from the 1981 Intercongress of the International Union of Anthropological and Ethnological Sciences, held in Amsterdam.
|
| 504 |
|
|
|a Includes bibliographies and index.
|
| 541 |
1 |
|
|e 00004320
|
| 505 |
0 |
|
|a Introduction / Saskia Wieringa -- Reflections on the anti-rape campaign in Bombay / Chhaya Datar -- Organization and disorganization : a case of women coir workers in Sri Lanka / Carla Risseeuw -- Women in revolt : a historical analysis of the progressive organization of women in Andhra Pradesh / Lalita K. -- Aborted feminism in Indonesia / Saskia Wieringa -- The recent Chilean women's movement / Marta Fuentes -- Feminism in The Netherlands / Petra de Vries -- Emancipation or liberation? / Carla Pasquinelli -- The feminist movement in Peru / Virginia Vargas.
|
| 650 |
|
0 |
|a Feminism
|z Developing countries
|x Congresses.
|
| 650 |
|
0 |
|a Feminism
|z Europe
|x Congresses.
|
| 700 |
1 |
|
|a Wieringa, Saskia,
|d 1950-
|
| 711 |
2 |
|
|a IUAES-Intercongress
|n (1st :
|d 1981 :
|c Amsterdam, Netherlands)
|
| 852 |
4 |
|
|a Ayesha Abed Library
|j General Shelf.
|
| 999 |
|
|
|c 6521
|d 6521
|
| 952 |
|
|
|0 0
|1 0
|2 ddc
|4 0
|6 305_420000000000000_WOM_1988
|7 0
|9 6619
|a BRACUL
|b BRACUL
|c GEN
|d 2009-12-30
|g 0.00
|l 0
|o 305.42 WOM
|p 3010004320
|r 2009-12-30
|t 1
|w 2009-12-30
|y BK
|x No price found in the accession register.
|